书目信息 |
| 题名: |
岁月台湾
|
|
| 作者: | 秦风 编著 | |
| 分册: | ||
| 出版信息: | 桂林 广西师范大学出版社 2015.05 |
|
| 页数: | 430页 | |
| 开本: | 24cm | |
| 丛书名: | 秦风老照片馆系列 | |
| 单 册: | ||
| 中图分类: | K295.8 | |
| 科图分类: | ||
| 主题词: | ||
| 电子资源: | ||
| ISBN: | 978-7-5495-6446-0 | |
| 000 | 01067oam2 2200313 450 | |
| 001 | 0120151552383 | |
| 005 | 20170911094758.59 | |
| 010 | @a978-7-5495-6446-0@b精装@dCNY69.00 | |
| 100 | @a20150519d2015 em y0chiy50 ea | |
| 101 | 0 | @achi |
| 102 | @aCN@b450000 | |
| 105 | @aa z 000yy | |
| 106 | @ar | |
| 200 | 1 | @a岁月台湾@9sui yue tai wan@e1900年以来的台湾大事记@f秦风编著 |
| 205 | @a4版 | |
| 210 | @a桂林@c广西师范大学出版社@d2015.05 | |
| 215 | @a430页@c图,照片@d24cm | |
| 225 | 2 | @a秦风老照片馆系列 |
| 225 | 2 | @a理想国 |
| 330 | @a本书用编年体的方式,记录过去一百多年来岛的土地、人民、岁月,其中包括政治、经济、社会、教育、文化等等层面。如赛德克人莫那·鲁道领导的雾社抗日事件、台湾光复、二二八事件等。 | |
| 333 | @a一般读者 | |
| 461 | 0 | @12001 @a秦风老照片馆系列 |
| 461 | 0 | @12001 @a理想国 |
| 517 | 1 | @a1900年以来的台湾大事记@91900 nian yi lai de tai wan da shi ji |
| 607 | @a台湾@x地方史@z1900-2012 | |
| 690 | @aK295.8@v5 | |
| 701 | 0 | @a秦风@9qin feng@4编著 |
| 801 | 0 | @aCN@b人天书店@c20150519 |
| 905 | @b1071746-51@dK295.8@e338=4@f6 | |
| 岁月台湾:1900年以来的台湾大事记/秦风编著.-4版.-桂林:广西师范大学出版社,2015.05 |
| 430页:图,照片;24cm.-(秦风老照片馆系列).-(理想国) |
| 使用对象:一般读者 |
| ISBN 978-7-5495-6446-0(精装):CNY69.00 |
| 本书用编年体的方式,记录过去一百多年来岛的土地、人民、岁月,其中包括政治、经济、社会、教育、文化等等层面。如赛德克人莫那·鲁道领导的雾社抗日事件、台湾光复、二二八事件等。 |
| ● |
| 相关链接 |
|
|
|
|
正题名:岁月台湾
索取号:K295.8/338=4
 
预约/预借
| 序号 | 登录号 | 条形码 | 馆藏地/架位号 | 状态 | 备注 |
| 1 | 1071746 | 210717465 | 第二样本阅览室/ [索取号:K295.8/338=4] | 在馆 | |
| 2 | 1071747 | 210717474 | 史法系资料室/ [索取号:K295.8/338=4] | 在馆 | |
| 3 | 1071748 | 210717483 | 第二借阅区/ [索取号:K295.8/338=4] | 在馆 | |
| 4 | 1071749 | 210717492 | 第二借阅区/ [索取号:K295.8/338=4] | 在馆 | |
| 5 | 1071750 | 210717508 | 第二借阅区/ [索取号:K295.8/338=4] | 在馆 | |
| 6 | 1071751 | 210717517 | 第二借阅区/ [索取号:K295.8/338=4] | 在馆 |